| 000 | 00000nam 2200000za 4500 |
|---|---|
| 001 | 9.652945 |
| 003 | CaOODSP |
| 005 | 20240501110545 |
| 007 | ta |
| 008 | 150407|1988||||xxc||||| f|0| 0 eng d |
| 020 | |a0-660-54230-7 |
| 040 | |aCaOODSP|beng |
| 041 | |aeng |
| 041 | |afre |
| 043 | |an-cn--- |
| 086 | 1 |aYX44-1985/5 |
| 110 | 1 |aCanada.|bStatutes. |
| 245 | 10|aRevised Statutes of Canada, 1985, vol. V |
| 260 | |bStatutes, |c1988. |
| 590 | |a88-30|b1988-07-29 |
| 776 | 0#|tLois révisées du Canada (1985). Vol. V / |w(CaOODSP)9.676792 |
| 792 | |tLois révisées du Canada (1985), vol. V |efre|w(CaOODSP)9.652946 |